Dinámica demográfica, planificación familiar y política de población en Costa Rica (Registro nro. 26765)
[ vista simple ]
| 000 -LEADER | |
|---|---|
| fixed length control field | 00384 a2200109 4500 |
| 001 - CONTROL NUMBER | |
| control field | ART_13782 |
| 005 - DATE AND TIME OF LATEST TRANSACTION | |
| control field | 20260410161910.0 |
| 008 - FIXED-LENGTH DATA ELEMENTS--GENERAL INFORMATION | |
| fixed length control field | 260409a |
| 100 1# - MAIN ENTRY--PERSONAL NAME | |
| Personal name | Rosero Bixby, Luis |
| 245 10 - TITLE STATEMENT | |
| Title | Dinámica demográfica, planificación familiar y política de población en Costa Rica |
| 773 0# - HOST ITEM ENTRY | |
| Title | Demografía y economía |
| Related parts | - Vol. XV, Nº 45 (ene./mar. 1981) |
| Record control number | REV13200 |
No hay ítems disponibles.